000 00814nam a2200325Ia 4500
001 19522
003 IT-RoPAU
008 130308s9999 xx 000 0 und d
040 _aIT-RoPAU
040 _cIT-RoPAU
041 _aITALIANO
100 _aPetrucci Antonio
100 _gCodice Aut. SPICS: 2646
245 _aAvventura del colore (L')
245 _bAvventura del colore (L')
250 _a1a ed.
260 _aROMA
260 _bAteneo
260 _c1956 [1° Ed.:1956 - Ed.Ling.Originale:1956]
300 _a"96 p. (prefazione: no ; testo: 96)"
500 _aColore e Cinema
650 _aTECNICA CINEMATOGRAFICA
650 _eCodice materia Spics: 6802
700 _aAA.VV.
700 _gCodice Aut. SPICS: 12000
942 _cBK
957 _71
999 _c70843
_d70843
999 _bSI
999 _g1